ბათუმის შოთა რუსთაველის სახელმწიფო უნივერსიტეტის ბიბლიოთეკა

EU Constitutional Law / (ბიბ.ჩანაწერი № 63203)

000 -LEADER
fixed length control field 00723nam a22002057a 4500
003 - CONTROL NUMBER IDENTIFIER
control field Ge_BSU
005 - DATE AND TIME OF LATEST TRANSACTION
control field 20250626110752.0
008 - FIXED-LENGTH DATA ELEMENTS--GENERAL INFORMATION
fixed length control field 250626s2022 ge ||||| |||| 00| 0 geo d
020 ## - INTERNATIONAL STANDARD BOOK NUMBER
International Standard Book Number 9780198866527x
041 ## - LANGUAGE CODE
Language code of text/sound track or separate title geo
080 ## - UNIVERSAL DECIMAL CLASSIFICATION NUMBER
Universal Decimal Classification number 342.9 L-54
100 ## - MAIN ENTRY--PERSONAL NAME
Personal name Lenaerts, Koen
9 (RLIN) 25540
245 ## - TITLE STATEMENT
Title EU Constitutional Law /
Statement of responsibility, etc. Koen Lenaerts and Piet Van Nuffel; Edited by Tim Corthaut.
264 ## - PRODUCTION, PUBLICATION, DISTRIBUTION, MANUFACTURE, AND COPYRIGHT NOTICE
Place of production, publication, distribution, manufacture Oxford,
Date of production, publication, distribution, manufacture, or copyright notice 2022.
300 ## - PHYSICAL DESCRIPTION
Extent 838 p.;
Other physical details 25 cm.
653 ## - INDEX TERM--UNCONTROLLED
keyword ევროკავშირის კონსტიტუციური სამართალი
700 ## - ADDED ENTRY--PERSONAL NAME
Personal name Van Nuffel, Piet
Relator term ავტორი
9 (RLIN) 25541
700 ## - ADDED ENTRY--PERSONAL NAME
Personal name Corthaut, Tim
Relator term რედაქტორი
9 (RLIN) 25542
942 ## - ADDED ENTRY ELEMENTS (KOHA)
Source of classification or shelving scheme
Koha item type წიგნი
ეგზემპლარები
Withdrawn status Lost status Source of classification or shelving scheme Damaged status Not for loan Permanent Location Current Location Shelving location Date acquired Cost, normal purchase price Full call number Barcode Date last seen Copy number Price effective from Koha item type Public note
          ბათუმის შოთა რუსთაველის სახელმწიფო უნივერსიტეტის მთავარი ბიბლიოთეკა ბათუმის შოთა რუსთაველის სახელმწიფო უნივერსიტეტის მთავარი ბიბლიოთეკა წიგნსაცავი 2025-06-26 212.00 342.9 L-54 71979 2025-06-26 71979 2025-06-26 წიგნი 212 ლ.
          ბათუმის შოთა რუსთაველის სახელმწიფო უნივერსიტეტის მთავარი ბიბლიოთეკა ბათუმის შოთა რუსთაველის სახელმწიფო უნივერსიტეტის მთავარი ბიბლიოთეკა წიგნსაცავი 2025-06-26 212.00 342.9 L-54 71978 2025-06-26 71978 2025-06-26 წიგნი 212 ლ.
          ბათუმის შოთა რუსთაველის სახელმწიფო უნივერსიტეტის მთავარი ბიბლიოთეკა ბათუმის შოთა რუსთაველის სახელმწიფო უნივერსიტეტის მთავარი ბიბლიოთეკა წიგნსაცავი 2025-06-26 212.00 342.9 L-54 71980 2025-06-26 71980 2025-06-26 წიგნი 212 ლ.